00600 2200193 4500001002100000005001500021035002000036007000300056008003900059082000700098084001300105100001900118245016400137250001000301260004600311300002500357600001000382990001400392INLIS00000000000988820260415094651 a0010-0426000244ta260415 | | |  a81 a81 IRW p0 aIRWAN DERMAWAN1 aPERAN KEPEMIMPINAN, LINGKUNGAN KERJA, DAN MOTIVASI DALAM MENINGKATKAN KEPUASAN KERJA ASN DI INSPEKTORAT PROVINSI KALIMANTAN TENGAH TAHUN 2025 /cIRWAN DERMAWAN aCet 1 aPalangka Raya :bPerpustakaan UMPR,c2025 axiv, 67 hlm :bilus. 4aTESIS a238122017